<?xml version="1.0" encoding="UTF-8"?>
<record
    xmlns:xsi="http://www.w3.org/2001/XMLSchema-instance"
    xsi:schemaLocation="http://www.loc.gov/MARC21/slim http://www.loc.gov/standards/marcxml/schema/MARC21slim.xsd"
    xmlns="http://www.loc.gov/MARC21/slim">

  <leader>01285nam a2200205Ia 4500</leader>
  <controlfield tag="003">OSt</controlfield>
  <controlfield tag="005">20211207105614.0</controlfield>
  <controlfield tag="008">210310s1990    ck ad  gr     000 0 spa d</controlfield>
  <datafield tag="040" ind1=" " ind2=" ">
    <subfield code="a">CO-JMCR</subfield>
    <subfield code="c">CO-JMCR</subfield>
  </datafield>
  <datafield tag="082" ind1="0" ind2="4">
    <subfield code="a">336.3435098 /</subfield>
    <subfield code="b">D419d</subfield>
    <subfield code="2">23</subfield>
  </datafield>
  <datafield tag="110" ind1=" " ind2=" ">
    <subfield code="a">Departamento de Investigaciones Estudios y Proyectos DIEP</subfield>
    <subfield code="e">autor</subfield>
    <subfield code="9">41751</subfield>
  </datafield>
  <datafield tag="245" ind1="1" ind2="0">
    <subfield code="a">Deuda externa y crecimiento econ&#xF3;mico /</subfield>
    <subfield code="c">Departamento de Investigaciones Estudios y Proyectos DIEP.</subfield>
  </datafield>
  <datafield tag="260" ind1=" " ind2=" ">
    <subfield code="a">Bogot&#xE1; : </subfield>
    <subfield code="b">Confederaci&#xF3;n General del Trabajo, </subfield>
    <subfield code="c">1990.</subfield>
  </datafield>
  <datafield tag="300" ind1=" " ind2=" ">
    <subfield code="b">91 P&#xE1;ginas : </subfield>
    <subfield code="a">ilustraciones y gr&#xE1;ficas en blanco y negro ; </subfield>
    <subfield code="c">28 cm.</subfield>
  </datafield>
  <datafield tag="504" ind1=" " ind2=" ">
    <subfield code="a">Bibliograf&#xED;a : p&#xE1;ginas 91.</subfield>
  </datafield>
  <datafield tag="505" ind1="0" ind2=" ">
    <subfield code="a">Evoluci&#xF3;n y composici&#xF3;n de la deuda externa 1970-1990. --Prestamistas y condiciones financieras de los prestamos. --  Servicios de la deuda externa. -- Utilizaci&#xF3;n de la deuda externa. -- Deuda externa, producto interno bruto y producto por habitante. -- Servicio de la deuda externa y valor de las exportaciones. -- Deuda externa y balanza de pagos. -- Deuda externa y ajuste de la econom&#xED;a. -- Deuda externa, ingresos y gastos fiscales. -- Deuda externa y apertura econ&#xF3;mica. -- Conclusiones y proposiciones de C.B.T.</subfield>
  </datafield>
  <datafield tag="650" ind1="1" ind2="4">
    <subfield code="a">Deudas externa</subfield>
    <subfield code="9">41752</subfield>
  </datafield>
  <datafield tag="650" ind1="2" ind2="4">
    <subfield code="a">Crecimiento econ&#xF3;mico </subfield>
    <subfield code="9">3636</subfield>
  </datafield>
  <datafield tag="942" ind1=" " ind2=" ">
    <subfield code="2">ddc</subfield>
    <subfield code="c">BK</subfield>
  </datafield>
  <datafield tag="999" ind1=" " ind2=" ">
    <subfield code="c">12832</subfield>
    <subfield code="d">12832</subfield>
  </datafield>
  <datafield tag="952" ind1=" " ind2=" ">
    <subfield code="0">0</subfield>
    <subfield code="1">0</subfield>
    <subfield code="2">ddc</subfield>
    <subfield code="4">0</subfield>
    <subfield code="7">0</subfield>
    <subfield code="a">CPL</subfield>
    <subfield code="b">CPL</subfield>
    <subfield code="c">GEN</subfield>
    <subfield code="d">2018-04-15</subfield>
    <subfield code="e">Donaci&#xF3;n</subfield>
    <subfield code="o">336.3435098 / D419d</subfield>
    <subfield code="p">430004247</subfield>
    <subfield code="r">2025-01-13 00:00:00</subfield>
    <subfield code="t">Ej.1</subfield>
    <subfield code="w">2021-03-10</subfield>
    <subfield code="y">BK</subfield>
  </datafield>
</record>
